Frekvencia uplatňovania tradičných a moderných manažérskych metód, techník a nástrojov v podnikoch na Slovensku

Hodnotenie frekvencie uplatňovania manažérskych metód, techník a nástrojov v riadení podnikov na Slovensku z hľadiska ich členenia na „tradičné“ a „moderné.“ Moderné manažérske metódy, techniky a nástroje na Slovensku. Frekvencia uplatňovania tradičných a moderných manažérskych metód, techník a nást...

Descrizione completa

Salvato in:
Dettagli Bibliografici
Autore principale: Szabo, Ľuboslav
Altri autori: Nemeth, František
Natura: Capitolo di libro
Lingua:slovacco
Soggetti:
Tags: Aggiungi Tag
Nessun Tag, puoi essere il primo ad aggiungerne!!

MARC

LEADER 00000nla a2200000 4500
001 0237278
005 20240502073830.0
041 0 |a slo 
044 |a SK 
245 1 0 |a Frekvencia uplatňovania tradičných a moderných manažérskych metód, techník a nástrojov v podnikoch na Slovensku  |c Ľuboslav Szabo, František Nemeth 
520 |a Hodnotenie frekvencie uplatňovania manažérskych metód, techník a nástrojov v riadení podnikov na Slovensku z hľadiska ich členenia na „tradičné“ a „moderné.“ Moderné manažérske metódy, techniky a nástroje na Slovensku. Frekvencia uplatňovania tradičných a moderných manažérskych metód, techník a nástrojov manažmentu v podnikoch na Slovensku. 
610 2 0 |a metódy riadenia 
610 2 0 |a riadenie strategické 
610 2 0 |a riadenie vrcholové 
610 2 0 |a podnik 
610 2 0 |a Slovensko 
610 2 0 |a technika riadenia 
100 1 |a Szabo, Ľuboslav 
700 1 |a Nemeth, František